000 01393nam a2200241Ia 4500
003 Ost
005 20260507075419.0
008 260507s9999||||xx |||||||||||||| ||und||
020 _a9789957563462
040 _cfsecg
041 _aara
082 _a330
100 _aالجبوري، فؤاد عبد المحسن
_eمؤلف
245 0 _aالمحاسبة المتوسطة /
_c فؤاد عبد المحسن الجبوري
260 _aعمان:
_bدار الايام,
_c2015
300 _a249 صفحة؛
_bإيضاحات ؛
_c24 سم
504 _aالمصادر ص.249
520 _aيضم الإطار المفاهمي للمحاسبة، الحسابات الختامية و الكشوفات المالية في المنشآت التجارية و الصناعية، التسويات القيدية و أوراق العمل، الأخطاء المحاسبة و كيفية تصحيحها، النقدية والاستثمارات قصيرة الاجل ، المدينون والمخزون السلعي، الإستثمارات طويلة الاجل (السندات) ، الموجدات غير المتداولة واندثاراتها، قائمة التدفقات النقدية، الموجدات غير الملموسة(المعنوية).
653 _aالإدارة المالية
653 _aالمحاسبة
653 _aتدقيق الحسابات
942 _cكتاب
999 _c44457
_d44457